Statistics for Biggest City in each U.S. State by Letter B

Click here to take the quiz!

General Stats

  • This quiz has been taken 818 times
  • The average score is 15 of 27

Answer Stats

StatePopulationCity% Correct
Massachusetts617,660Boston
98%
Alabama212,237Birmingham
97%
Idaho205,671Boise
96%
Maryland620,961Baltimore
95%
Louisiana229,493Baton Rouge
93%
New York261,310Buffalo
90%
Montana104,170Billings
86%
Connecticut144,229Bridgeport
79%
California347,483Bakersfield
77%
Colorado97,385Boulder
71%
Nebraska50,137Bellevue
59%
Washington122,363Bellevue
59%
Illinois76,610Bloomington
51%
Indiana80,405Bloomington
51%
Minnesota82,893Bloomington
51%
Texas175,023Brownsville
51%
Oklahoma98,850Broken Arrow
48%
Oregon89,803Beaverton
42%
Florida99,244Boca Raton
41%
Kentucky58,067Bowling Green
41%
Pennsylvania77,283Bethlehem
32%
Arkansas53,259Bentonville
30%
North Carolina50,042Burlington
25%
Arizona50,876Buckeye
20%
Michigan52,347Battle Creek
18%
New Jersey63,024Bayonne
13%
Missouri52,575Blue Springs
8%

Score Distribution

Percentile by Number Answered

Percent of People with Each Score

Your Score History

You have not taken this quiz